000
00315nam a2200133Ia 4500
008
240624s9999 xx 000 0 und d
041
_a
eng
082
_a
823 HOS
100
_a
HOSSEINI KHALID
245
_a
KITE RUNNER
260
_c
2004
_a
New Delhi
_b
Bloomsbury Publishing
300
_a
326 : p.
365
_c
RS
_b
25
999
_c
18044
_d
18044